书目信息 |
| 题名: |
园林规划设计
|
|
| 作者: | 郭舜 , 谢广锋 编著 | |
| 分册: | ||
| 出版信息: | 厦门 厦门大学出版社 2015.08 |
|
| 页数: | 185页 | |
| 开本: | 26cm | |
| 丛书名: | ||
| 单 册: | ||
| 中图分类: | TU986 | |
| 科图分类: | ||
| 主题词: | 园林--yuan lin--规划--高等职业教育--教材 , 园林设计--yuan lin she ji--高等职业教育--教材 | |
| 电子资源: | ||
| ISBN: | 978-7-5615-5711-2 | |
| 000 | 01368nam0 2200313 450 | |
| 001 | CA2016000766 | |
| 005 | 20201118110951.15 | |
| 010 | @a978-7-5615-5711-2@dCNY28.00 | |
| 100 | @a20150923d2015 em y0chiy50 ea | |
| 101 | 0 | @achi |
| 102 | @aCN@b350000 | |
| 105 | @aak a 000yy | |
| 106 | @ar | |
| 200 | 1 | @a园林规划设计@Ayuan lin gui hua she ji@f郭舜, 谢广锋编著@Fguo shun , xie guang feng bian zhu |
| 210 | @a厦门@c厦门大学出版社@d2015.08 | |
| 215 | @a185页@c图@d26cm | |
| 300 | @a闽西职业技术学院国家骨干高职院校项目建设成果 —— 环境艺术设计专业 | |
| 320 | @a有书目 (第184-185页) | |
| 330 | @a本书主要阐述了进行园林规划设计工作所需的基本理论和设计手法, 注重园林艺术基本知识的介绍和学生审美艺术的培养。全面地吸收了园林规划设计方面的最新研究内容, 收集了有关园林设计方面的各种法规、条例。在教材编写上力求重点突出、图文并茂、言简意赅。教材紧扣园林专业毕业生的工作实际, 结构体系合理, 内容符合工作需要。本书简明扼要, 易于理解和掌握, 以园林企业岗位需求为目标, 培养学生城市园林绿地的规划设计能力。 | |
| 540 | @a园林规划设计 | |
| 606 | 0 | @a园林@Ayuan lin@x规划@x高等职业教育@j教材 |
| 606 | 0 | @a园林设计@Ayuan lin she ji@x高等职业教育@j教材 |
| 690 | @aTU986@v5 | |
| 701 | 0 | @a郭舜@Aguo shun@4编著 |
| 701 | 0 | @a谢广锋@Axie guang feng@4编著 |
| 801 | @aCN | |
| 803 | @a高职 | |
| 901 | @a20 | |
| 905 | @a河南城建学院图书馆@b1292753-5@dTU986@eG835@f3 | |
| 园林规划设计/郭舜, 谢广锋编著.-厦门:厦门大学出版社,2015.08 |
| 185页:图;26cm |
| 闽西职业技术学院国家骨干高职院校项目建设成果 —— 环境艺术设计专业 |
| ISBN 978-7-5615-5711-2:CNY28.00 |
| 本书主要阐述了进行园林规划设计工作所需的基本理论和设计手法, 注重园林艺术基本知识的介绍和学生审美艺术的培养。全面地吸收了园林规划设计方面的最新研究内容, 收集了有关园林设计方面的各种法规、条例。在教材编写上力求重点突出、图文并茂、言简意赅。教材紧扣园林专业毕业生的工作实际, 结构体系合理, 内容符合工作需要。本书简明扼要, 易于理解和掌握, 以园林企业岗位需求为目标, 培养学生城市园林绿地的规划设计能力。 |
| ● |
| 相关链接 |
|
|
|
正题名:园林规划设计
索取号:TU986/G835
 
预约/预借
| 序号 | 登录号 | 条形码 | 馆藏地/架位号 | 状态 | 备注 |
| 1 | 1292753 | 212927539 | 建筑与城市规划学院资料室/201建筑库 98排1列5层/ [索取号:TU986/G835] | 在馆 | |
| 2 | 1292754 | 212927546 | 建筑与城市规划学院资料室/101建筑库 89排3列5层/ [索取号:TU986/G835] | 在馆 | |
| 3 | 1292755 | 212927553 | 建筑库201/201建筑库 66排7列2层/ [索取号:TU986/G835] | 在馆 |